00262nam a2200109Ia 4500008004100000041000800041082001200049100001400061245003300075260003600108300000800144240521s1974 xx 000 0 und d aeng a711.409 aBACON E.N aDESIGN OF CITIES REVISED ED. bPENGUIN BOOKS LTD ENGLANDc1974 a336